00547nam a2200193Ii 450000100060000000300090000600800410001502000150005604000330007104100080010408200190011210000330013124500330016426400630019730000120026033600260027233700280029833800270032611934CO-ViMGA241108s9999||||xx |||||||||||||| ||und|| a8428315892 aCO-ViMGAbspaerdacCO-ViMGA0 aunk04a629.2872 A454e1 aJosé Manuel Alonso Pérez10aElectricidad del Automóvil 1a[Lugar de publicación no identificado] : Paraninfo, 1999 avolumen atextbtxt2rdacontent aunmediatedbn2rdamedia avolumebnc2rdacarrier